000 00458 a2200181 4500
001 001671
003 OSt
005 20211202131432.0
008
082 _a333.7
_bD17E
100 1 _aDaly, Herman E.
245 1 _aEcological economics
_cby Herman E. Daly and Joshua Farley
260 _aNew Delhi
_bPearson
_c2007
300 _a454p.
653 _aEnvironmental economics
700 _aFarley, Joshua
942 _2ddc
_cBK
999 _c46
_d46